000 00583nam a2200217Ii 4500
003 JO-AjNU
008 230606s9999||||xx |||||||||||||| ||und||
020 _a0-415-25134-6 , 978-0-415-25134-1
040 _aJO-AjNU
_beng
_erda
_cJO-AjNU
041 _aeng
050 1 4 _aPN1631 2009
100 3 _aColebrook,Claire,
_eauthor
_936
245 0 0 _aIRONY
250 _a1 ed
264 3 1 _aNew York:Routledge Class,2004
300 _a195P
336 _atext
_btxt
_2rdacontent
337 _aunmediated
_bn
_2rdamedia
338 _avolume
_bnc
_2rdacarrier
650 4 _aIrony in Literature
_937
999 _aE22
_c22
_d22